Competing for the future
Contents: Getting off the treadmill; Learning to forget; strategy as stretch; strategy as leverage; Securing the future.
Sparad:
| Huvudupphovsman: | |
|---|---|
| Materialtyp: | Bok |
| Språk: | Undetermined |
| Publicerad: |
Boston
Harvard Business School
1994
|
| Ämnen: | |
| Taggar: |
Lägg till en tagg
Inga taggar, Lägg till första taggen!
|
| Thư viện lưu trữ: | Trung tâm Học liệu Trường Đại học Cần Thơ |
|---|
| LEADER | 00695nam a2200193Ia 4500 | ||
|---|---|---|---|
| 001 | CTU_23731 | ||
| 008 | 210402s9999 xx 000 0 und d | ||
| 082 | |a 658.4012 | ||
| 082 | |b H212 | ||
| 100 | |a Hamel, Gary | ||
| 245 | 0 | |a Competing for the future | |
| 245 | 0 | |c Gary Hamel, C. K. Prahalad | |
| 260 | |a Boston | ||
| 260 | |b Harvard Business School | ||
| 260 | |c 1994 | ||
| 520 | |a Contents: Getting off the treadmill; Learning to forget; strategy as stretch; strategy as leverage; Securing the future. | ||
| 650 | |a Competition,Competition international,Sự cạnh tranh,Cạnh tranh quốc tế | ||
| 904 | |i Phượng | ||
| 980 | |a Trung tâm Học liệu Trường Đại học Cần Thơ | ||